NBA Swag List - Statistics

General Stats
  • This quiz has been taken 1,365 times
  • The average score is 2 of 11
Answer Stats
Hint Answer % Correct
Heat D Wade
89%
Wizards John Wall
58%
Heat LeBron James
41%
Knicks Stoudemire
15%
Clippers Chris Paul
14%
Cavs Kyrie Irving
10%
Clippers Nick Young
8%
B Cats Kemba Walker
7%
Bucks Monta Elllis
3%
Lakers Metta World Peace
2%
Marquette Jae Crowder
1%
No matching quizzes found
Score Distribution
Percent of People with Each Score
Percentile by Number Answered
Your Score History
You have not taken this quiz